| 000 | 00553nam a22001697a 4500 | ||
|---|---|---|---|
| 003 | OSt | ||
| 005 | 20200701113648.0 | ||
| 008 | 200701b xxu||||| |||| 00| 0 ara d | ||
| 040 | _aLB-BrCRDP | ||
| 082 | _a892.7 J91m | ||
| 100 | _aجمع وتقديم انطوان القوال | ||
| 245 | _aالمجموعة الكاملة لمؤلفات جبران خليل جبران :نصوص خارج المجموعة | ||
| 260 |
_aبيروت _bدار الجيل _c1994 |
||
| 300 |
_aص 270 _cسم 25 |
||
| 630 | _a Gibran, Kahlil, -- 1883-1931. | ||
| 942 |
_2ddc _cBK |
||
| 999 |
_c23859 _d23859 |
||